| 000 | 00823nam a22002177a 4500 | ||
|---|---|---|---|
| 005 | 20150427104945.0 | ||
| 010 | _aENG-112312 | ||
| 020 |
_a9781138020276 _c695.00 |
||
| 035 | _aEN-95844 | ||
| 037 | _bDBAD/PUB | ||
| 082 | _a363.73874 | ||
| 245 |
_aCanned heat : _cedited by Marcello Di Paola [and] Gianfranco Pellegrino _bethics and politics of global climate change / |
||
| 260 |
_aNew Delhi _bRoutledge _c2014 |
||
| 270 |
_a912,Tolstoy House, 15-17 Tolstoy Marg, Connaught Place _bNew Delhi _e110001 |
||
| 300 |
_avi,248p. _c23cm(Hb) |
||
| 490 | _aEthics, human rights and global political thought ; edited by Sebastiano Maffettone [and] Aakash Singh Rathore | ||
| 500 | _aIncludes index | ||
| 700 | _aDi Paola, Marcello | ||
| 700 | _a Pellegrino, Gianfranco | ||
| 942 |
_2ddc _cEN _mCAN _h363.73874 |
||
| 999 |
_c91991 _d91991 |
||